Catálogo
Digital

Catálogo
Digital

Relaciones Interétnicas en Riobamba (Record no. 14397)

MARC details
000 -CABECERA
campo de control de longitud fija 01569nam a2200313 4500
003 - IDENTIFICADOR DEL NÚMERO DE CONTROL
campo de control EC-UNACH
006 - CÓDIGOS DE INFORMACIÓN DE LONGITUD FIJA--CARACTERÍSTICAS DEL MATERIAL ADICIONAL
campo de control de longitud fija s||||gr|||| 00| 00
008 - DATOS DE LONGITUD FIJA--INFORMACIÓN GENERAL
campo de control de longitud fija 150116t9999 mx r gr 000 0 spa d
020 ## - NÚMERO INTERNACIONAL ESTÁNDAR DEL LIBRO
Número Internacional Estándar del Libro 9978-84-234-9
040 ## - FUENTE DE LA CATALOGACIÓN
Centro catalogador/agencia de origen EC-UNACH
Centro/agencia transcriptor EC-UNACH
041 ## - CÓDIGO DE LENGUA
Código de lengua del texto/banda sonora o título independiente spa
082 04 - NÚMERO DE LA CLASIFICACIÓN DECIMAL DEWEY
Número de edición 23
Número de clasificación 305.8
Número de documento/Ítem L017419
100 ## - ENTRADA PRINCIPAL--NOMBRE DE PERSONA
Nombre de persona Burgos, Hugo
245 ## - MENCIÓN DE TÍTULO
Título Relaciones Interétnicas en Riobamba
Resto del título Dominio y dependencia en una región indígena Ecuatoriana
250 ## - MENCIÓN DE EDICIÓN
Mención de edición Segunda Edición (en esta presentación)
264 ## - Producción, publicación, distribución, fabricación y copyright
Lugar de producción, publicación, distribución, fabricación Quito
Nombre del de productor, editor, distribuidor, fabricante Corporación Editora Nacional
Fecha de de producción, publicación, distribución, fabricación o copyright 1997
300 ## - DESCRIPCIÓN FÍSICA
Extensión 375 p.
Otras características físicas Ilustraciones, Tablas
Dimensiones 20 cm.
500 ## - NOTA GENERAL
Nota general Este proyecto esta dedicada a recoger la producción mas destacada de la tradición indigenista del Ecuador, así como la producción de los intelectuales indígenas del Ecuador
501 ## - NOTA DE "CON"
Nota de “Con” La explotación indígena desde el punto de vista regional, analizando un proceso contemporáneo, de carácter étnico- ideológico- político
504 ## - NOTA DE BIBLIOGRAFÍA, ETC.
Bibliografía, etc. Bibliografía
505 ## - NOTA DE CONTENIDO CON FORMATO
Nota de contenido con formato 1. Regiones geoeconómicas.- 2. Población e integración.- 3. Asentamientos y migraciones.- 4. Interdependencia económica.- 5. Economía parroquial.- 6. Mercado colonialista.- 7. Tratamiento desigual.- 8. Estratificación social y control político.- Conclusiones.- Apéndice: Historia de las relaciones coloniales en Riobamba
650 ## - PUNTO DE ACCESO ADICIONAL DE MATERIA--TÉRMINO DE MATERIA
Término de materia o nombre geográfico como elemento inicial RELACIONES RACIALES
650 ## - PUNTO DE ACCESO ADICIONAL DE MATERIA--TÉRMINO DE MATERIA
Término de materia o nombre geográfico como elemento inicial CONDICIONES ECONOMICAS
942 ## - ELEMENTOS DE PUNTO DE ACCESO ADICIONAL (KOHA)
Fuente del sistema de clasificación o colocación Clasificación Decimal Dewey
Tipo de ítem Koha Libros
999 ## - NÚMEROS DE CONTROL DE SISTEMA (KOHA)
Koha biblionumber 14397
Holdings
Estado de pérdida Fuente del sistema de clasificación o colocación Estado dañado No para préstamo Localización permanente Ubicación/localización actual Ubicación en estantería Fecha de adquisición Número de inventario Total de préstamos Signatura topográfica completa Código de barras Fecha visto por última vez Precio válido a partir de Tipo de ítem Koha Centro de costos
  Clasificación Decimal Dewey     Biblioteca Campus Sur Biblioteca Campus Sur Pedagogía de la Historia y las Ciencias Sociales 13/03/2026 39933088   305.8 BUR. L017419 L017419 13/03/2026 13/03/2026 Libros  

Powered by Koha